[Event "AUTO-INT-1406"]
[Site "http://www.queenalice.com/game.php?id=633131"]
[Date "2009.8.8"]
[Round "1"]
[White "ksanjabi"]
[Black "snebur1956"]
[Result "0-1"]
[WhiteElo "1452"]
[BlackElo "1500"]

1. e4 e5 2. Nf3 Nc6 3. Bb5 a6 4. Ba4 Nf6 5. O-O Be7 6. Re1 b5 7. Bb3 d6 8. c3
O-O 9. d4 Bg4 10. Nbd2 exd4 11. cxd4 Nxd4 12. Nf1 c5 13. Ng3 d5 14. Ne5 Bxd1 15.
Bxd1 Qa5 16. Re3 Bd6 17. Nd3 Bxg3 18. hxg3 Nxe4 19. Bf3 Nc2 20. Rxe4 dxe4 21.
Bxe4 Nxa1 22. Bxa8 Rxa8 23. Bf4 Rd8 0-1

[Event "AUTO-INT-1406"]
[Site "http://www.queenalice.com/game.php?id=633132"]
[Date "2009.8.8"]
[Round "1"]
[White "snebur1956"]
[Black "ksanjabi"]
[Result "1-0"]
[WhiteElo "1813"]
[BlackElo "1452"]

1. e4 e5 2. Nf3 Nc6 3. Bb5 a6 4. Ba4 b5 5. Bb3 Nf6 6. O-O g6 7. d4 d6 8. dxe5
dxe5 9. Qxd8+ Nxd8 10. Nxe5 Nxe4 11. Re1 f5 12. f3 Bc5+ 13. Kf1 Nd6 14. Nxg6+
Be6 15. Nf4 O-O 16. Nxe6 Nxe6 17. Rxe6 Kh8 18. Bg5 Nf7 19. Bf6+ Kg8 20. Nc3 Rae8
21. Rxa6 Rb8 22. Nd5 Rfc8 23. Rd1 Bd6 24. Nxc7 Bxc7 25. Rd7 Bf4 26. Raa7 Kf8 27.
Rxf7+ Ke8 28. Rfe7+ 1-0

[Event "Challenge"]
[Site "http://www.queenalice.com/game.php?id=635196"]
[Date "2009.8.12"]
[Round "-"]
[White "ksanjabi"]
[Black "Kike"]
[Result "1-0"]
[WhiteElo "1622"]
[BlackElo "1328"]

1. e4 e5 2. Nf3 d6 3. Bb5+ Bd7 4. Bxd7+ Nxd7 5. O-O f6 6. c3 Be7 7. d4 d5 8. Re1
c6 9. Nbd2 dxe4 10. Nxe4 Qc7 11. Qd3 O-O-O 12. Bd2 f5 13. Nc5 Nxc5 14. Qxf5+ Nd7
15. Nxe5 Nf6 16. Rac1 g6 17. Qh3 h5 18. Nxg6 Rhe8 19. Bg5 Qd6 20. Bf4 Qd5 21.
Nxe7+ Rxe7 22. Rxe7 b5 23. Rce1 c5 24. R7e5 Qxa2 25. dxc5 Qxb2 26. Qe6 Qxc3 27.
Qa6+ Kc7 28. R5e3+ Ne5 29. Rxc3 Rd5 30. Bxe5+ Kd7 31. Bxf6 Rf5 32. Qe6+ Kc7 33.
Qxf5 h4 34. Re6 b4 35. Qh7+ 1-0

[Event "Challenge"]
[Site "http://www.queenalice.com/game.php?id=643110"]
[Date "2009.8.27"]
[Round "-"]
[White "ksanjabi"]
[Black "feramach"]
[Result "1/2-1/2"]
[WhiteElo "1578"]
[BlackElo "1568"]

1. e4 e5 2. f4 Nf6 3. Nc3 d6 4. Nf3 Bg4 5. h3 Be6 6. fxe5 dxe5 7. Nxe5 Bb4 8.
Bb5+ c6 9. Ba4 Bxc3 10. bxc3 Nxe4 11. Qe2 f5 12. O-O Ng3 13. Qf3 Nxf1 14. Qxf1
Qd5 15. d4 Nd7 16. Bf4 Nxe5 17. Bxe5 O-O 18. Bb3 Qd7 19. Qf3 a5 20. a4 Bd5 21.
Qg3 g6 22. c4 Bf7 23. Bd6 Rfe8 24. c5 Re4 25. Bxf7+ Qxf7 26. c3 Rae8 27. Be5 h6
28. Rb1 g5 29. Qd3 Re7 30. c4 Qg6 31. Rf1 Kh7 32. Qc3 Re2 33. Qxa5 Rc2 34. Qd8
Qe8 35. Qxe8 Rxe8 36. Rxf5 Re7 37. d5 Rxc4 38. d6 Rd7 39. Bb2 Rxa4 40. g4 b5 41.
cxb6 Rb4 42. Be5 Rxb6 43. Rf8 Rb5 44. Re8 Rd5 45. Kf2 Rxe5 46. Rxe5 Rxd6 47. Ke3
Kg6 48. Ke4 Kf7 49. Ra5 Re6+ 50. Kd4 Ke7 51. Ra7+ Kd6 52. Ra2 c5+ 53. Kc4 Re4+
54. Kd3 Kd5 55. Kd2 c4 56. Ra5+ Kd4 57. Ra6 c3+ 58. Kc1 Re1+ 59. Kc2 Re2+ 60.
Kc1 c2 61. Rxh6 Rh2 62. Ra6 Kd3 63. Ra3+ Kc4 64. Kb2 Kd4 65. Ra5 Kd3 66. Rd5+
Ke4 67. Rxg5 Kd4 68. Rh5 Kd3 69. Rc5 Kd4 70. Rxc2 Rxh3 71. Rg2 Rh6 72. g5 Rg6
73. Kb3 Ke5 74. Kc4 Kf5 75. Kd5 Rxg5 76. Rf2+ Kg6+ 1/2-1/2

[Event "Challenge"]
[Site "http://www.queenalice.com/game.php?id=643349"]
[Date "2009.8.27"]
[Round "-"]
[White "ksanjabi"]
[Black "thomas01"]
[Result "1-0"]
[WhiteElo "1497"]
[BlackElo "1250"]

1. e4 e5 2. Nf3 Nc6 3. Bb5 Bc5 4. O-O a6 5. Ba4 Nd4 6. c3 Nxf3+ 7. Qxf3 Nf6 8.
Rd1 O-O 9. d4 Bb6 10. dxe5 Ne8 11. Qg3 g6 12. Nd2 d6 13. Nf3 Ng7 14. Bg5 f6 15.
Bb3+ Be6 16. Bxf6 Rxf6 17. exf6 Qxf6 18. e5 Qe7 19. exd6 Qe8 20. d7 Qd8 21. Ne5
Bxb3 22. axb3 Qf6 23. Rd2 Ne6 24. Ng4 Qg5 25. Rad1 c6 26. h4 Qh5 27. Nf6+ Kf7
28. Nxh5 gxh5 29. Qf3+ Ke7 30. Qxh5 Rf8 31. Qxh7+ Kd8 32. Rd6 Bxf2+ 33. Kh2 Be3
34. Rxe6 Bf4+ 35. g3 Bc7 36. Qe7# 1-0

[Event "AUTO-INT-1430"]
[Site "http://www.queenalice.com/game.php?id=644661"]
[Date "2009.8.30"]
[Round "1"]
[White "therota2"]
[Black "ksanjabi"]
[Result "0-1"]
[WhiteElo "1421"]
[BlackElo "1505"]

1. c4 c5 2. Nc3 g6 3. Qb3 Bg7 4. d3 Nc6 5. Be3 Nd4 6. Bxd4 cxd4 7. Nb5 Nf6 8.
Nxd4 O-O 9. Ngf3 e6 10. O-O-O d5 11. h4 Ng4 12. Rd2 Bd7 13. Qxb7 e5 14. Nb3 Nxf2
15. Rh2 Bh6 16. Qxd5 Bxd2+ 17. Kxd2 a5 18. Qxe5 a4 19. Nc5 Re8 20. Qd4 Ng4 21.
Rh1 a3 22. Nxd7 axb2 23. Kc2 Rxa2 24. Nd2 Ne3+ 25. Kb1 Nf5 26. Nf6+ Kf8 27.
Nxh7+ Ke7 28. Qf6+ Kd7 29. Qxf7+ Re7 30. Nf6+ Kc8 31. Qxg6 Qa5 32. Nd5 Ra1+ 33.
Kxb2 Qa3+ 34. Kc2 Rc1# 0-1

[Event "AUTO-INT-1430"]
[Site "http://www.queenalice.com/game.php?id=644662"]
[Date "2009.8.30"]
[Round "1"]
[White "ksanjabi"]
[Black "therota2"]
[Result "1-0"]
[WhiteElo "1481"]
[BlackElo "1470"]

1. d4 d5 2. c4 dxc4 3. Nc3 Be6 4. e4 Nc6 5. d5 g6 6. dxe6 Qc8 7. Bxc4 fxe6 8.
Nf3 Nf6 9. O-O e5 10. Qb3 Qd7 11. Bf7+ Kd8 12. Rd1 Kc8 13. Rxd7 Kxd7 14. Qxb7
1-0

[Event "AUTO-INT-1430"]
[Site "http://www.queenalice.com/game.php?id=644673"]
[Date "2009.8.30"]
[Round "1"]
[White "ladybird"]
[Black "ksanjabi"]
[Result "1-0"]
[WhiteElo "1411"]
[BlackElo "1621"]

1. e4 c5 2. Nf3 d6 3. d4 Nf6 4. e5 dxe5 5. dxe5 Nfd7 6. Bc4 e6 7. O-O Nc6 8. Nc3
Ncxe5 9. Be2 Nxf3+ 10. Bxf3 c4 11. Bf4 Bc5 12. Nb5 O-O 13. Qe2 Qe7 14. Rad1 a6
15. Nc7 Ra7 16. Rfe1 Qf6 17. c3 Qxf4 18. Be4 b5 19. Kh1 Rxc7 20. Qh5 Nf6 21.
Bxh7+ Nxh7 22. f3 Nf6 23. Qe5 Qxe5 24. Rxe5 Bb7 25. h3 b4 26. cxb4 Bxb4 27. a3
Bc5 28. Ree1 Nd5 29. Rc1 1-0

[Event "AUTO-INT-1430"]
[Site "http://www.queenalice.com/game.php?id=644674"]
[Date "2009.8.30"]
[Round "1"]
[White "ksanjabi"]
[Black "ladybird"]
[Result "0-1"]
[WhiteElo "1597"]
[BlackElo "1435"]

1. e4 c5 2. Nf3 d6 3. Bb5+ Bd7 4. a4 Nc6 5. O-O Nf6 6. Nc3 a6 7. Bc4 e6 8. d4
cxd4 9. Nxd4 Ne5 10. Bb3 Be7 11. f4 Nc6 12. Be3 O-O 13. Nxc6 Bxc6 14. Qf3 b5 15.
a5 Rc8 16. Bb6 Qd7 17. f5 exf5 18. Qxf5 Qxf5 19. Rxf5 Nxe4 20. Rf4 Nxc3 21. bxc3
Bb7 22. Bd4 g6 23. Raf1 d5 24. R4f3 Bc5 25. Rf6 Bxd4+ 26. cxd4 Rc6 27. Rxc6 Bxc6
28. Re1 Rb8 29. g4 b4 30. Re7 Rb5 0-1

[Event "AUTO-INT-1430"]
[Site "http://www.queenalice.com/game.php?id=644679"]
[Date "2009.8.30"]
[Round "1"]
[White "Dean20"]
[Black "ksanjabi"]
[Result "0-1"]
[WhiteElo "1561"]
[BlackElo "1578"]

1. e4 Nc6 2. d4 e5 3. Nf3 Bb4+ 4. c3 Be7 5. dxe5 b6 6. Bc4 Nh6 7. O-O Ng4 8. Bd5
Bb7 9. Re1 d6 10. h3 Ngxe5 11. b4 O-O 12. b5 Na5 13. Bxb7 Nxb7 14. Nd4 Qd7 15.
Be3 d5 16. Nd2 a6 17. Rb1 dxe4 18. Nxe4 axb5 19. Rxb5 c5 20. Bd2 Nd3 21. Re3
cxd4 22. Qh5 dxe3 23. Bxe3 f5 24. Nd2 Qxb5 25. Qf3 Nbc5 26. Bxc5 Bxc5 27. Qd5+
Kh8 0-1

[Event "AUTO-INT-1430"]
[Site "http://www.queenalice.com/game.php?id=644680"]
[Date "2009.8.30"]
[Round "1"]
[White "ksanjabi"]
[Black "Dean20"]
[Result "1-0"]
[WhiteElo "1561"]
[BlackElo "1598"]

1. d4 d5 2. c4 c6 3. cxd5 cxd5 4. Nf3 e6 5. Nc3 Nf6 6. Ne5 Nbd7 7. Bg5 Bb4 8. e3
a6 9. Qc2 h6 10. Bh4 g5 11. Bg3 Ne4 12. Bd3 Nxg3 13. fxg3 f6 14. Bg6+ Ke7 15.
O-O Rf8 16. a3 Bxc3 17. Nxd7 Bxd7 18. Qxc3 Rc8 19. Qb4+ 1-0

[Event "Challenge"]
[Site "http://www.queenalice.com/game.php?id=650619"]
[Date "2009.9.11"]
[Round "-"]
[White "pink_floyd"]
[Black "ksanjabi"]
[Result "0-1"]
[WhiteElo "1866"]
[BlackElo "1518"]

1. e4 c5 2. Nf3 d6 3. d4 cxd4 4. Nxd4 Nf6 5. Nc3 a6 6. Bg5 e5 7. Nf3 Be7 8. Bd3
O-O 9. O-O Be6 10. Re1 Nbd7 11. Ne2 Qb6 12. Qc1 Nc5 13. Bxf6 Bxf6 14. b3 Rad8
15. Qe3 Qa5 16. a3 Nxd3 17. Qxd3 d5 18. c3 dxe4 19. Qxe4 Bxb3 20. Qxb7 Bd5 21.
Qb2 Bxf3 22. gxf3 Qd5 23. Kg2 e4 24. fxe4 Qxe4+ 25. Kg1 Rd3 26. Ng3 Qf4 27. Qe2
Rxc3 28. Qxa6 Rc2 29. Ne2 Qf3 30. Rab1 Bd4 31. Qd6 Bxf2+ 32. Kf1 Be3# 0-1

[Event "Challenge 2"]
[Site "http://www.queenalice.com/game.php?id=651079"]
[Date "2009.9.12"]
[Round "-"]
[White "ksanjabi"]
[Black "pink_floyd"]
[Result "1-0"]
[WhiteElo "1548"]
[BlackElo "1474"]

1. e4 e5 2. Nf3 Nc6 3. Bb5 a6 4. Ba4 Nf6 5. d3 Bd6 6. O-O Ne7 7. Bg5 Ng6 8. Nh4
Nxh4 9. Bxh4 Be7 10. Nd2 O-O 11. Nf3 d6 12. Re1 h6 13. Bxf6 Bxf6 14. c3 c6 15.
d4 exd4 16. cxd4 d5 17. e5 Be7 18. Bc2 Bg4 19. h3 Be6 20. a3 Qb6 21. Rb1 c5 22.
Qd3 f5 23. dxc5 Bxc5 24. Re2 Rf7 25. b4 Be7 26. Bb3 Rd8 27. Nd4 Bd7 28. Bxd5 1-0

[Event "Challenge"]
[Site "http://www.queenalice.com/game.php?id=733945"]
[Date "2010.2.18"]
[Round "-"]
[White "pokerninja"]
[Black "ksanjabi"]
[Result "0-1"]
[WhiteElo "1234"]
[BlackElo "1577"]

1. d4 Nf6 2. Nf3 g6 3. h3 Bg7 4. Nc3 d6 5. e4 O-O 6. Bd3 a6 7. Be3 Re8 8. g4
Nfd7 9. Ne2 c5 10. c3 Nc6 11. Rb1 cxd4 12. cxd4 Nb4 13. Qb3 Nxd3+ 14. Qxd3 b5
15. b4 Nb6 16. O-O Bb7 17. d5 e6 18. Bg5 Qd7 19. Nc3 Rac8 20. Rbc1 Rc4 21. Be3
exd5 22. exd5 Rxc3 23. Rxc3 Nxd5 24. Bd4 Nf4 25. Qd2 Nxh3+ 26. Kg2 Qxg4+ 27. Kh2
Bxf3 28. Rg1 Nxg1 29. Rxf3 Nxf3+ 30. Kh1 Qg1# 0-1

[Event "AUTO-INT-1430"]
[Site "http://www.queenalice.com/game.php?id=741933"]
[Date "2010.3.6"]
[Round "2"]
[White "Kuarwaki"]
[Black "ksanjabi"]
[Result "0-1"]
[WhiteElo "2348"]
[BlackElo "1579"]

1. e4 Nf6 2. e5 Nd5 3. d4 e6 4. c4 Bb4+ 5. Ke2 Nb6 6. c5 Nd5 7. a3 Ba5 8. b4
Nxb4 9. axb4 Bxb4 10. Nf3 Nc6 11. Bg5 f6 12. exf6 gxf6 13. Bd2 Qe7 14. Nc3 d6
15. cxd6 Qxd6 16. Nb5 Qd7 17. Bxb4 Nxb4 18. Nxa7 O-O 19. Ke1 b6 20. Qd2 c5 21.
dxc5 Rxa7 22. Rxa7 Qxa7 23. Qxb4 Qa1+ 24. Kd2 Rd8+ 25. Kc2 Rd1 26. Qxb6 Qc1+ 27.
Kb3 Qb1+ 28. Kc3 Rc1+ 29. Kd4 e5+ 30. Kd5 Qa2+ 31. Kd6 Qe6+ 32. Kc7 Qd7+ 33. Kb8
Qe8 34. Bb5 Bd7+ 35. Kc7 Qc8+ 36. Kd6 Rxh1 37. Bxd7 Rd1+ 38. Ke7 Rxd7+ 39. Kxf6
Rf7+ 40. Kxe5 Qf5+ 41. Kd4 Rd7+ 42. Kc3 Qd3+ 43. Kb4 Rb7 44. Ka5 Rxb6 45. cxb6
Qb1 46. Ka6 Qf1+ 47. Ka7 Qxf2 48. Ka6 Qa2+ 49. Kb5 Kf7 50. b7 Qa7 51. Kc6 Ke7
0-1

[Event "AUTO-INT-1430"]
[Site "http://www.queenalice.com/game.php?id=741934"]
[Date "2010.3.6"]
[Round "2"]
[White "ksanjabi"]
[Black "Kuarwaki"]
[Result "0-1"]
[WhiteElo "1609"]
[BlackElo "2340"]

1. d4 e6 2. c4 b6 3. Nc3 Nf6 4. e4 Bb4 5. Bd3 Bb7 6. Bg5 h6 7. Bxf6 Qxf6 8. Nf3
O-O 9. O-O Bxc3 10. bxc3 d6 11. Re1 Nd7 12. a4 e5 13. a5 a6 14. Rb1 Ra7 15. Qa4
Qe7 16. Nh4 g6 17. Nf3 bxa5 18. Qxa5 c5 19. dxe5 dxe5 20. Bc2 Bc6 21. Red1 Rfa8
22. Nd2 Rb8 23. Rxb8+ Nxb8 24. Nf1 Nd7 25. Ne3 Kh7 26. Nd5 Qh4 27. h3 Kg7 28.
Re1 Qg5 29. Re3 h5 30. Bd3 Ba8 31. Nc7 Bc6 32. Nd5 Ba8 33. Kh2 h4 34. Nb6 Qd8
35. f3 Qxb6 36. Qa3 Nf8 37. Re1 Ne6 38. Rb1 Qd8 39. Be2 Qd2 40. Bf1 Qf2 41. Qc1
Rb7 42. Ra1 Rb2 43. Kh1 f5 44. Qe1 Qxe1 45. Rxe1 fxe4 46. fxe4 Nf4 0-1

[Event "AUTO-INT-1430"]
[Site "http://www.queenalice.com/game.php?id=741937"]
[Date "2010.3.6"]
[Round "2"]
[White "Dean20"]
[Black "ksanjabi"]
[Result "1-0"]
[WhiteElo "1799"]
[BlackElo "1658"]

1. d4 Nf6 2. Bf4 g6 3. e3 Bg7 4. Bd3 d6 5. Nf3 O-O 6. Nbd2 c5 7. c3 cxd4 8. cxd4
a6 9. Qb3 b5 10. h3 Be6 11. Qc2 Nh5 12. Bh2 Nc6 13. Qxc6 Nf6 14. b3 Qa5 15. Qc2
Rac8 16. Qb1 Qa3 17. O-O Nd5 18. Qe1 Nb4 19. Qe2 Nxd3 20. Qxd3 Rc7 21. h4 Rfc8
22. h5 Rc3 23. Qe4 d5 24. Qh4 Bf6 25. Ng5 Bxg5 26. Qxg5 Rc1 27. Raxc1 Rxc1 28.
hxg6 hxg6 29. Be5 Bf5 30. e4 f6 31. Bxf6 exf6 32. Qxf6 Rxf1+ 33. Kxf1 dxe4 34.
Qc6 Qxa2 35. Ke2 1-0

[Event "AUTO-INT-1430"]
[Site "http://www.queenalice.com/game.php?id=741938"]
[Date "2010.3.6"]
[Round "2"]
[White "ksanjabi"]
[Black "Dean20"]
[Result "1-0"]
[WhiteElo "1634"]
[BlackElo "1831"]

1. d4 d5 2. c4 Nf6 3. Nc3 e6 4. Nf3 Bd7 5. e4 Nxe4 6. cxd5 Bb4 7. Qb3 a5 8. Bd3
Nd6 9. O-O O-O 10. Ne2 c6 11. a3 cxd5 12. Bf4 Qe7 13. axb4 a4 14. Bxh7+ Kxh7 15.
Ng5+ Kg8 16. Qh3 Qxg5 17. Bxg5 f6 18. Bf4 e5 19. Qh5 Be8 20. Qf3 exf4 21. Qxd5+
Nf7 22. Nxf4 Bc6 23. Qh5 Rd8 24. Ne6 Rd6 25. Rfe1 Bd7 26. Nc7 Ra7 27. Ne8 Rxd4
28. Re7 1-0

[Event "AUTO-INT-1384"]
[Site "http://www.queenalice.com/game.php?id=746146"]
[Date "2010.3.14"]
[Round "2"]
[White "Padre_Amaro"]
[Black "ksanjabi"]
[Result "1-0"]
[WhiteElo "1980"]
[BlackElo "1645"]

1. e4 e5 2. Nf3 Nc6 3. Bb5 a6 4. Ba4 b5 5. Bb3 Nf6 6. Nc3 d6 7. d4 Nxd4 8. Nxd4
exd4 9. Qxd4 c5 10. Qd3 c4 11. Bxc4 bxc4 12. Qxc4 Be6 13. Nd5 Nxd5 14. exd5 Qa5+
15. Bd2 Qxd5 16. Qxd5 Bxd5 17. O-O Be7 18. Bc3 O-O 19. b3 Rac8 20. Rad1 Be4 21.
Rde1 d5 22. Bb2 Rxc2 23. Bc1 Bd3 24. Rxe7 Bxf1 25. Ba3 1-0

[Event "AUTO-INT-1384"]
[Site "http://www.queenalice.com/game.php?id=746147"]
[Date "2010.3.14"]
[Round "2"]
[White "ksanjabi"]
[Black "Padre_Amaro"]
[Result "0-1"]
[WhiteElo "1648"]
[BlackElo "1977"]

1. d4 Nf6 2. c4 g6 3. Nc3 Bg7 4. e4 O-O 5. Nf3 c6 6. Bd3 d6 7. h3 b6 8. O-O Bb7
9. e5 Nfd7 10. exd6 exd6 11. Bf4 d5 12. cxd5 cxd5 13. Nb5 a6 14. Nd6 Bc6 15. Rc1
Nf6 16. Ng5 Nh5 17. Qxh5 gxh5 18. Bxh7+ Kh8 19. Ndxf7+ Rxf7 20. Nxf7+ Kxh7 21.
Nxd8 Bxd4 22. Nxc6 Nxc6 23. Rxc6 Bxb2 24. Rd1 d4 25. Rxb6 Bc3 0-1

[Event "AUTO-INT-1384"]
[Site "http://www.queenalice.com/game.php?id=746150"]
[Date "2010.3.14"]
[Round "2"]
[White "ksanjabi"]
[Black "Milton"]
[Result "1-0"]
[WhiteElo "1621"]
[BlackElo "1545"]

1. d4 d5 2. c4 e5 3. dxe5 dxc4 4. Qxd8+ Kxd8 5. Nc3 Nc6 6. f4 Nd4 7. Kd1 b6 8.
e3 Nf5 9. Bxc4 Be6 10. Bd3 Bb4 11. Nge2 Ngh6 12. e4 Nh4 13. Bd2 Nxg2 14. f5 Bd7
15. Rg1 Bxc3 16. Nxc3 Nh4 17. Rxg7 Nf3 18. Bxh6 Nxe5 19. Bg5+ Ke8 20. Be2 Kf8
21. Bf6 b5 22. Bxe5 c6 23. Bh5 Rg8 24. Rxg8+ Kxg8 25. Kc2 Re8 26. Bd6 Rxe4 27.
Rg1+ Kh8 28. Nxe4 Bxf5 29. Be5+ 1-0

[Event "AUTO-INT-1384"]
[Site "http://www.queenalice.com/game.php?id=746151"]
[Date "2010.3.14"]
[Round "2"]
[White "Milton"]
[Black "ksanjabi"]
[Result "0-1"]
[WhiteElo "1559"]
[BlackElo "1607"]

1. e4 c5 2. Nf3 d6 3. d4 cxd4 4. Nxd4 Nf6 5. Nc3 g6 6. Bg5 Bg7 7. Bb5+ Bd7 8.
Bxd7+ Nbxd7 9. O-O h6 10. Bxf6 Nxf6 11. Nf3 O-O 12. Re1 Qb6 13. e5 Nd7 14. Nd5
Qd8 15. e6 Nc5 16. exf7+ Rxf7 17. Qe2 e6 18. Nb4 Bxb2 19. Rab1 Bc3 20. Red1 d5
21. Qe3 Ne4 22. Ne5 Bxe5 23. Qxh6 Qf6 24. Nd3 Rh7 25. Qe3 Bxh2+ 26. Kf1 Bg3 27.
Rd2 Rh1+ 28. Ke2 Nc3# 0-1